L.A. boyz (victorious) - lyrics - Statistics

General Stats
  • This quiz has been taken 30 times
  • The average score is 196 of 288
Answer Stats
Answer % Correct
L.A.
96%
boy
91%
boys
91%
for
91%
I
91%
it
91%
a
87%
A
87%
the
87%
you
87%
You
87%
you,
87%
give
83%
Give
83%
let's
83%
those
83%
up
83%
Hollywood
78%
In
78%
in
78%
me
78%
so
78%
So
78%
to
78%
What
78%
what
78%
down
74%
get
74%
get,
74%
got,
74%
got
74%
hot
74%
on
74%
And
70%
and
70%
know
70%
Watching
70%
through
65%
by
61%
Driving
61%
It's
61%
Malibu
61%
night
61%
no
61%
one
61%
roll
61%
Saturday
61%
There's
61%
there's
61%
we
61%
different
57%
don't
57%
goods
57%
have
57%
kinda
57%
Looking
57%
sunset
57%
they
57%
They
57%
your
57%
all
52%
getting
52%
I'll
52%
passing
52%
really
52%
under
52%
care
48%
choice
48%
crazy
48%
drop
48%
flavors
48%
hundred
48%
lights
48%
my
48%
show
48%
Show
48%
time
48%
waves
48%
not
43%
oh
43%
put
43%
Riding
43%
too
43%
we're
43%
where
43%
alone?
39%
are
39%
call
39%
doing
39%
Maybe
39%
maybe
39%
number
39%
our
39%
phone
39%
view
39%
come
35%
Come
35%
escalades
35%
their
35%
vary
35%
with
30%
East
26%
West
26%
beach
22%
play
22%
side
22%
between
17%
everywhere
17%
is
17%
tops
17%
Venice
17%
skateboards
13%
jamming
9%
Turn
9%
Flipping
4%
free
4%
highleys
4%
prom
4%
Rockstars
4%
No matching quizzes found
Score Distribution
Percent of People with Each Score
Percentile by Number Answered
Your Score History
You have not taken this quiz